| 000 | 00432nam a2200169Ia 4500 | ||
|---|---|---|---|
| 008 | 230524s9999 xx 000 0 und d | ||
| 020 | _a9788183510066 | ||
| 082 | _bKRI | ||
| 100 |
_aK.V.S.G. Murali Krishna _941966 |
||
| 245 | 0 | _a"Rural, Municipal & Industrial Water Management" | |
| 250 | _a1 | ||
| 260 |
_aNew Delhi _bReem _c2010 |
||
| 300 | _a"VIII,229p;" | ||
| 500 | _aQuantity Number: 1 | ||
| 650 | _aCivil | ||
| 942 | _cBK | ||
| 999 |
_c56381 _d56381 |
||